SI Base Units - Statistics

General Stats
  • This quiz has been taken 17 times
    16 since last reset
  • The average score is 4 of 7
Answers on the Grid
Answers color-coded by a green-red scale on the quiz's grid according to % correct below.
fahrenheit
gram
second
ounce
ampere
volt
hour
Hefnerkerze
meter
mole
celsius
kilometer
kilogram
statvolt
candela
candlepower
mile
kelvin
day
 
Answer Stats
Answer % Correct
meter
80%
ampere
60%
second
60%
kilogram
50%
mole
50%
kelvin
40%
candela
20%
No matching quizzes found
Score Distribution
Percent of People with Each Score
Percentile by Number Answered
Your Score History
You have not taken this quiz since the last reset